Responses for Show #4459 - Thursday, January 15, 2004

Contestants

[<< previous game]

Frank Amanat, an attorney from South Orange, New Jersey

Liz Slaby, a high school teacher from North East, Pennsylvania

Steve Hall, a nurse and "Mr. Mom" from Hamden, Connecticut (whose 1-day cash winnings total $24,800)

[next game >>]

Jeopardy! Round responses

AMERICAN HISTORY
ROLLING STONES SONGS
(Alex: One of my favorite categories...)
STUPID ANSWERS
NUMERICAL PHRASES
CORN
BROTHERS ON BROTHERS
(Alex: Dr. Joyce Brothers, of course!)
    $200 1
World War I

Liz
    $200 7
(Alex: And yours too if you ring in!)

"Time Is on My Side"

Triple Stumper
    $200 6
obituaries

Steve
    $200 14
a 10-foot pole

Liz
    $200 19
animal feed

Frank
    $200 20
tomboy

Liz
    $400 2
the Hindenburg

Steve
    $400 8
"Ruby Tuesday"

Steve
    $400 10
(Alex: Boy, you're sharp; that's why you're here!)

the Gulf of Panama

Liz
    $400 15
4-letter words

Liz
    $400 21
Signs

Frank
    $400 22
twins

Steve
    $600 3
Republican

Frank
    $600 9
"19th Nervous Breakdown"

Triple Stumper
    $600 11
(Steve: What is a supermodel?)

Top Model

SteveFrank
    $600 16
(Liz: What is a businessman's martini?)

3-martini lunch

Liz
Triple Stumper
    $600 28
[buzzer sounds to end the round]

Kellogg

Steve
    $600 23
the Cain complex

Liz
    $800 4
(Frank: Who is President...who is President Bush; the first President Bush?)

George H.W. Bush

Frank
    $800 26
"Jumpin' Jack Flash"

Triple Stumper
    $800 12
JAG (James A. Garfield)

Frank
    $600 17
12-step program

Liz
    $800 24
(Frank: Who is Robert Redford?)
(Alex: We were going for the series; & we have less than a minute to go.)

Beggarman, Thief

Frank
Triple Stumper
    $1000 5
Philip

Frank
    $1000 27
"Beast of Burden"

Steve
    $1000 13
(Liz: What is "Victory over the Dark?")
(Steve: What is "The Miracle Worker?")

Dark Victory

SteveLiz
Triple Stumper
    $1000 18
a thousand thanks

Liz
    $1000 25
(Sigmund) Freud

Steve

Scores at the first commercial break (after clue 15):

Steve Liz Frank
-$600 $200 $3,800

Scores at the end of the Jeopardy! Round:

Steve Liz Frank
$2,400 $2,000 $3,600

Double Jeopardy! Round responses

AMERICAN POETS
CINEMANIA
EUROPE
WHAT THE HECK IS IT?
ALL "DE" PEOPLE
TERM ME LOOSE
    $400 1
Edgar Allan Poe

Liz
    $400 26
Star Wars

Steve
    $400 6
Queen Elizabeth II

Steve
    $400 21
a city in Idaho

Frank
    $400 16
Charles de Gaulle

Liz
    $400 11
drones

Liz
    $800 2
Robert Frost

Frank
    $800 30
2001: A Space Odyssey

Steve
    $800 7
Beethoven

Frank
    $800 22
(Liz: A bone?)
...
(Alex: Clavicle is the bone; less than a minute to go, Frank.)

musical instrument

LizFrank
    $800 17
Hernando de Soto

Frank
    $800 12
bullpen

Liz
    $2,000 3
(Henry Wadsworth) Longfellow

Frank
    $1200 29
MGM

Frank
    $1200 8
Florence

Liz
    $1200 23
bird

Frank
    $1200 18
F.W. de Klerk

Frank
    $1200 13
the bush

Liz
    $1600 4
Ogden Nash

Triple Stumper
    $1600 28
the Coen Brothers

Steve
    $1600 9
Loch Lomond

Frank
    $1600 24
mineral

Frank
    $1600 19
Ferdinand de Lesseps

Triple Stumper
    $2,000 14
(Liz: I don't know.)

pandemonium

Liz
    $2000 5
Mark (Van Doren)

Triple Stumper
    $2000 27
Alien: Resurrection

Steve
    $2000 10
Tallinn

Frank
    $2000 25
little hammer with a rubber head

Triple Stumper
    $2000 20
Vittorio De Sica

Triple Stumper
    $2000 15
the Empire Style

Triple Stumper

Scores at the end of the Double Jeopardy! Round:

Steve Liz Frank
$7,600 $3,600 $18,000
(lock game)

[wagering suggestions for these scores]

Final Jeopardy! Round responses

POLITICAL CAMPAIGNS
(Alex: He spent $75 million [to run for mayor of New York City].)
LizWho was Powell
$3,500
SteveWho is Pataki?
$7,600
FrankWho is Pataki?
$2,750
Michael Bloomberg

Final scores:

Steve Liz Frank
$0 $100 $15,250
3rd place: $1,000 2nd place: $2,000 New champion: $15,250

Game dynamics:

Coryat scores:

Steve Liz Frank
$7,600 $5,800 $17,200
12 R,
2 W
14 R
(including 1 DD),
4 W
(including 1 DD)
19 R
(including 1 DD),
1 W

Combined Coryat: $30,600

[game] [game scores] [suggest correction]

Game tape date: 2003-11-12
The J! Archive is created by fans, for fans. Scraping, republication, monetization, and malicious use prohibited; this site may use cookies and collect identifying information. See terms. The Jeopardy! game show and all elements thereof, including but not limited to copyright and trademark thereto, are the property of Jeopardy Productions, Inc. and are protected under law. This website is not affiliated with, sponsored by, or operated by Jeopardy Productions, Inc. Join the discussion at JBoard.tv.